Datum a čas kvízu
28.5
Celkem bodů
Celkový počet nahraných bodů na tomto kvízu bez doplňovacích otázek.
3.
Pořadí na kvízu
Konečné umístění týmu na tomto kvízu.
Zaznamenané odpovědi
| # | Otázka | Odpověď | Body | Výsledky |
|---|---|---|---|---|
| 1. | Která politická strana v kampa... | SOCDEM (uznáváme i starší název ČSSD) | 0 | |
| 2. | V okolí londýnské stanice metr... | Burberry | 0 | |
| 3. | Českých sci-fi filmů nebývá ka... | Bod obnovy | 0 | |
| 4. | V pondělí byla slavnostně zahá... | až 13 000 návštěvníků | 1 | |
| 5. | Který český prvoligový fotbalo... | Viktoria Plzeň | 1 | |
| 6. | O římském císaři Caligulovi se... | Byl to kůň. | 0 | |
| 7. | Salvador Dalí coby extravagant... | o mravenečníka | 1 | |
| 8. | Dokážete přiřadit následující... | 1A 2D 3B 4C | 0 | |
| 9. | Jak se jmenuje kočka na obrázk... | Micka | 0 | |
| 10. | Astronom konce 16. století cho... | Tycho Brahe | 1 |